<?xml version="1.0" encoding="UTF-8"?>
<record
    xmlns:xsi="http://www.w3.org/2001/XMLSchema-instance"
    xsi:schemaLocation="http://www.loc.gov/MARC21/slim http://www.loc.gov/standards/marcxml/schema/MARC21slim.xsd"
    xmlns="http://www.loc.gov/MARC21/slim">

  <leader>00708nam a22001937a 4500</leader>
  <datafield tag="999" ind1=" " ind2=" ">
    <subfield code="c">172844</subfield>
    <subfield code="d">172844</subfield>
  </datafield>
  <controlfield tag="005">20200213150948.0</controlfield>
  <datafield tag="010" ind1=" " ind2=" ">
    <subfield code="a">A-213121</subfield>
  </datafield>
  <datafield tag="020" ind1=" " ind2=" ">
    <subfield code="c">40.00</subfield>
    <subfield code="a">-</subfield>
  </datafield>
  <datafield tag="035" ind1=" " ind2=" ">
    <subfield code="a">A-213121</subfield>
  </datafield>
  <datafield tag="037" ind1=" " ind2=" ">
    <subfield code="b">BPPD</subfield>
  </datafield>
  <datafield tag="082" ind1=" " ind2=" ">
    <subfield code="a">270.61</subfield>
  </datafield>
  <datafield tag="100" ind1=" " ind2=" ">
    <subfield code="a">&#x645;&#x631; &#x62A;&#x628;&#x6C1;:&#x622; &#x644; &#x627; &#x62D;&#x645;&#x62F; &#x633;&#x631; &#x648; &#x631; </subfield>
  </datafield>
  <datafield tag="245" ind1=" " ind2=" ">
    <subfield code="a">&#x62C;&#x62F; &#x64A;&#x62F; &#x62F; &#x646;&#x64A;&#x627; &#x645;&#x64A;&#x6BA; &#x627; &#x633;&#x644;&#x627; &#x645; &#x645;&#x633;&#x627; &#x64A;&#x644; &#x627; &#x648; &#x631; &#x627; &#x645;&#x6A9;&#x627; &#x646;&#x627; &#x62A; </subfield>
    <subfield code="c">&#x645;&#x631; &#x62A;&#x628;&#x6C1;:&#x622; &#x644; &#x627; &#x62D;&#x645;&#x62F; &#x633;&#x631; &#x648; &#x631; </subfield>
  </datafield>
  <datafield tag="246" ind1=" " ind2=" ">
    <subfield code="a">Jadeed Dunia Mein Islam MasailAur Imkanaat </subfield>
    <subfield code="b">Edited by Aal Ahmed Saroor </subfield>
  </datafield>
  <datafield tag="260" ind1=" " ind2=" ">
    <subfield code="a">N.Delhi</subfield>
    <subfield code="b">Maktaba Jamia Ltd.</subfield>
    <subfield code="c">1983</subfield>
  </datafield>
  <datafield tag="270" ind1=" " ind2=" ">
    <subfield code="a">Patodi house, Darya Ganj</subfield>
    <subfield code="b">N.Delhi</subfield>
    <subfield code="e">110002</subfield>
    <subfield code="k">-</subfield>
    <subfield code="l">-</subfield>
    <subfield code="m">-</subfield>
  </datafield>
  <datafield tag="300" ind1=" " ind2=" ">
    <subfield code="a">328&#x635;</subfield>
    <subfield code="c">21 Cm.(P.b)     </subfield>
  </datafield>
  <datafield tag="942" ind1=" " ind2=" ">
    <subfield code="2">ddc</subfield>
    <subfield code="c">UR</subfield>
    <subfield code="h">270.61</subfield>
    <subfield code="m">&#x633; &#x631; &#x648; </subfield>
  </datafield>
  <datafield tag="952" ind1=" " ind2=" ">
    <subfield code="0">0</subfield>
    <subfield code="1">0</subfield>
    <subfield code="4">0</subfield>
    <subfield code="7">0</subfield>
    <subfield code="8">NFIC</subfield>
    <subfield code="a">L</subfield>
    <subfield code="b">L</subfield>
    <subfield code="d">2020-02-13</subfield>
    <subfield code="e">BPPD/Ven.</subfield>
    <subfield code="g">40.00</subfield>
    <subfield code="l">0</subfield>
    <subfield code="o">270.61 &#x633; &#x631; &#x648;</subfield>
    <subfield code="p">A-213121</subfield>
    <subfield code="r">2020-02-13 00:00:00</subfield>
    <subfield code="t">1</subfield>
    <subfield code="v">40.00</subfield>
    <subfield code="w">2020-02-13</subfield>
    <subfield code="y">UR</subfield>
  </datafield>
</record>
